Kabale University Library Catalogue

A gift of fire : (Record no. 5798)

MARC details
000 -LEADER
fixed length control field 00891cam a2200253 a 4500
005 - DATE AND TIME OF LATEST TRANSACTION
control field 20250825191315.0
008 - FIXED-LENGTH DATA ELEMENTS--GENERAL INFORMATION
fixed length control field 120614s2013 nju b 001 0 eng
020 ## - INTERNATIONAL STANDARD BOOK NUMBER
International Standard Book Number 027376859X
020 ## - INTERNATIONAL STANDARD BOOK NUMBER
International Standard Book Number 9780273768593
040 ## - CATALOGING SOURCE
Original cataloging agency KABLIB
Transcribing agency KABLIB
Description conventions rda
082 00 - DEWEY DECIMAL CLASSIFICATION NUMBER
Classification number 303.4834
Edition number 23
Item number BAA
100 1# - MAIN ENTRY--PERSONAL NAME
Personal name Baase, Sara.
9 (RLIN) 14651
245 12 - TITLE STATEMENT
Title A gift of fire :
Remainder of title social, legal, and ethical issues for computing technology /
Statement of responsibility, etc. Sara Baase; Atriya Sen (contributor).
250 ## - EDITION STATEMENT
Edition statement 4th ed.
260 ## - PUBLICATION, DISTRIBUTION, ETC.
Place of publication, distribution, etc. Boston :
Name of publisher, distributor, etc. Pearson,
Date of publication, distribution, etc. c2013.
300 ## - PHYSICAL DESCRIPTION
Extent 494 p. :
Other physical details ill. ;
Dimensions 24 cm.
504 ## - BIBLIOGRAPHY, ETC. NOTE
Bibliography, etc. note Includes bibliographical references, appendix, index.
650 #0 - SUBJECT ADDED ENTRY--TOPICAL TERM
Topical term or geographic name entry element Computers
General subdivision Social aspects.
9 (RLIN) 14652
650 #0 - SUBJECT ADDED ENTRY--TOPICAL TERM
Topical term or geographic name entry element Computers
General subdivision Moral and ethical aspects.
9 (RLIN) 14653
650 #0 - SUBJECT ADDED ENTRY--TOPICAL TERM
Topical term or geographic name entry element Internet
General subdivision Social aspects.
9 (RLIN) 13398
650 #0 - SUBJECT ADDED ENTRY--TOPICAL TERM
Topical term or geographic name entry element Internet
General subdivision Moral and ethical aspects.
9 (RLIN) 14425
700 ## - ADDED ENTRY--PERSONAL NAME
Personal name Sen, Atriya
9 (RLIN) 14654
942 ## - ADDED ENTRY ELEMENTS (KOHA)
Source of classification or shelving scheme Dewey Decimal Classification
Koha item type Book
Holdings
Withdrawn status Lost status Source of classification or shelving scheme Damaged status Not for loan Home library Current library Shelving location Date acquired Source of acquisition Total Checkouts Full call number Barcode Date last seen Price effective from Koha item type
    Dewey Decimal Classification     Mukombe Library Mukombe Library Open Access Section 25.08.2025 Purchased   303.4834 BAA 14001 25.08.2025 25.08.2025 Book
    Dewey Decimal Classification     Mukombe Library Mukombe Library Open Access Section 25.08.2025 Purchased   303.4834 BAA 14002 25.08.2025 25.08.2025 Book
    Dewey Decimal Classification     Mukombe Library Mukombe Library Open Access Section 25.08.2025 Purchased   303.4834 BAA 14003 25.08.2025 25.08.2025 Book

Kabale University Library | Kabale University P.O Box 317, Kabale, Uganda
Tel : +256754017033, +256774661503 E-mail : library@kab.ac.ug